LEADER 00396nab a2200133 i 4500 001 000000264865 003 CaOOAMICUS 005 20180831164708.0 008 180831n xx uu u0 0und r 013 $a7736 040 $aSeMil$bita 245 10$a[vedi periodico]. 773 0 $t[2006.$dGardolo (TN) : Erickson, copyr. 2006.$z88-7946-978-9$w()152805 996 $6245$a[vedi periodico]$9(OLS)http://semarc/title/309439 LEADER 00481nab a2200145 i 4500 001 000000304607 003 CaOOAMICUS 005 20180831172822.0 008 180831n it uu u0 0ita r 013 $a12468 040 $aSeMil$bita 100 1 $aMocatti, Lino,$c.$0(OLS)http://semarc/name/37575 245 10$aBibliografia di Stefano Bellesini. 773 0 $t[2004 : 2].$gp.[163]-182$w()260908 996 $6245$aBibliografia di Stefano Bellesini.$9(OLS)http://semarc/title/380336